000 00396nam a22001217a 4500
008 230612b xxu||||| |||| 00| 0 eng d
082 _a354.676
_bGOK
100 _cGOK
245 _a2016/2017 Estimates of Recurrent Expenditure of the GOK for the Year Ending 30th June, 2017
_bVolume 1
_cVotes D1011- D1064
_hJune 2016
260 _aNairobi, Kenya
_bGOK
_cJune 2016
300 _a524p
942 _2ddc
_cBK
999 _c1108
_d1108